|
|
|
|
| LEADER |
00598 a2200157 4500 |
| 008 |
150103s9999 000 0 eng |
| 020 |
|
|
|a 8170460751
|
| 082 |
|
|
|a 954.88
|
| 100 |
|
|
|a Rizvi,S.N.H
|
| 245 |
|
|
|a The shompen:a vanishing tribe of the great Nicobar island /
|
| 260 |
|
|
|a Calcutta:
|b Seagull Books,
|c 1990.
|
| 300 |
|
|
|a 54 p.;
|
| 650 |
|
|
|a Shompen(Indic people)-Social Conditions-Andaman &Nicobar Islands-India
|
| 942 |
|
|
|c BK
|
| 999 |
|
|
|c 307355
|d 307355
|
| 952 |
|
|
|0 0
|1 0
|2 ddc
|4 0
|6 954_880000000000000_RIZ_SH
|7 0
|9 352698
|a DRA
|b DRA
|c ST1
|d 2014-01-06
|i 5253
|l 0
|o 954.88 RIZ/SH
|p DRA5253
|r 2019-01-03
|w 2019-01-03
|y BK
|